Statistiques concernant Les plus gros transferts du football - Footballeurs espagnols

Cliquez ici pour prendre le quiz!

Statistiques générales

  • Ce quiz a été pris 77 fois
  • Le résultat moyen est 7 sur 10

Statistiques - réponses

Montant de transfert (M €)SaisonVenant deAllant àJoueur% Correct
70,002019-2020Atlético MadridManchester CityRodri
91%
80,002018-2019AthleticChelseaKepa Arrizabalaga
86%
55,002021-2022Manchester CityBarceloneFerran Torres
83%
58,502010-2011LiverpoolChelseaFernando Torres
78%
66,002017-2018Real MadridChelseaÁlvaro Morata
75%
65,002017-2018AthleticManchester CityAymeric Laporte
67%
65,302022-2023BrightonChelseaMarc Cucurella
67%
44,732013-2014ChelseaManchester UnitedJuan Mata
57%
60,002017-2018ChelseaAtlético MadridDiego Costa
47%
48,002001-2002FC ValenciaLazio RomeGaizka Mendieta
11%

Distribution des résultats

Percentile par nombre de réponses

% des personnes avec chaque résultat

Votre développement - résultats

Vous n’avez pas pris ce quiz